000 01496cam a2200445 a 4500
999 _c54055
001 9779719
003 LIBRIS
005 20201027130920.0
008 050112s2004 sw |||| |00| 1 swe
020 _a9197367761
040 _aNB
082 0 4 _a839.78
_222 (machine generated)
084 _aHc
_2kssb/7
100 1 _aHögstrand, Kerstin,
_d1943-
245 1 0 _aVid min svans /
_cKerstin Högstrand teckningar ; Lars Lerin text, foto
260 _aSunnemo :
_bSyntryck,
_c2004
_e(Uddevalla :
_fMediaprint)
300 _a75 s. :
_bill. ;
_c23 cm
500 _aOriginalupplaga 2004
700 1 _aLerin, Lars,
_d1954-
_4ill
_49pu
_0311751
942 _2z
_cBOOK